Honduras First Level Subdivisions - Statistics

General Stats
  • This quiz has been taken 302 times
  • The average score is 11 of 18
Answer Stats
Departamentos % Correct
Colón
75%
Atlántida
69%
La Paz
69%
Yoro
69%
Gracias a Dios
68%
Cortés
66%
Francisco Morazán
63%
Valle
63%
Copán
62%
Olancho
62%
Lempira
59%
Santa Bárbara
59%
El Paraíso
58%
Intibucá
54%
Ocotepeque
54%
Choluteca
51%
Comayagua
49%
Islas de la Bahía
46%
No matching quizzes found
Score Distribution
Percent of People with Each Score
Percentile by Number Answered
Your Score History
You have not taken this quiz